Central Library OPAC University of Rajshahi

Using BASIC / (Record no. 65946)

MARC details
000 -LEADER
fixed length control field 00728nam a2200253 a 4500
001 - CONTROL NUMBER
control field 65946
003 - CONTROL NUMBER IDENTIFIER
rucl marc code BD-RjUL
005 - DATE AND TIME OF LATEST TRANSACTION
control field 20211209081502.0
008 - FIXED-LENGTH DATA ELEMENTS--GENERAL INFORMATION
fixed length control field 170313s1981 mnua 001 0 eng d
020 ## - INTERNATIONAL STANDARD BOOK NUMBER
International Standard Book Number 0829903577
035 ## - SYSTEM CONTROL NUMBER
System control number (BD-RjUL)66076
040 ## - CATALOGING SOURCE
Original cataloging agency DLC
Transcribing agency DLC
Modifying agency DLC
-- BD-RjUL
Language of cataloging eng
041 ## - LANGUAGE CODE
Language code of text/sound track or separate title eng
082 00 - DEWEY DECIMAL CLASSIFICATION NUMBER
Edition number 23
Classification number 005.133
Author mark and year DIU 1985
100 1# - MAIN ENTRY--PERSONAL NAME
Personal name Didday, Richard L.
9 (RLIN) 195033
245 10 - TITLE STATEMENT
Title Using BASIC /
Statement of responsibility, etc. Rich Didday and Rex Page.
260 ## - PUBLICATION, DISTRIBUTION, ETC. (IMPRINT)
Place of publication, distribution, etc. St. Paul :
Name of publisher, distributor, etc. West Pub. Co.,
Date of publication, distribution, etc. c1981.
300 ## - PHYSICAL DESCRIPTION
Pagination xv, 525 p. :
Illustrations ill. ;
Size 25 cm.
500 ## - GENERAL NOTE
General note Includes index.
650 #0 - SUBJECT ADDED ENTRY--TOPICAL TERM
Topical term or geographic name as entry element BASIC (Computer program language)
9 (RLIN) 177088
700 1# - ADDED ENTRY--PERSONAL NAME
Personal name Page, Rex ,
Relator term joint author.
942 ## - ADDED ENTRY ELEMENTS (KOHA)
Source of classification or shelving scheme Dewey Decimal Classification
Koha item type Books
Holdings
Lost status Source of classification or shelving scheme Damaged status Not for loan Collection code Permanent Location Current Location Shelving location Date acquired Source of acquisition Cost, normal purchase price Total Checkouts Full call number Date last seen Copy number Koha item type
  Dewey Decimal Classification   Not For Loan Non-fiction Central Library, University of Rajshahi Central Library, University of Rajshahi Reading Room 14/01/2009 The Asia Foundation 0.00   005.133 DIU 1985 13/03/2017 C-1 Books